000 00490nam a2200169Ia 4500
008 090711s9999 xx 000 0 und d
082 _b60383
100 _aवाळिंबे वि. स.
245 _aफसलेला क्षण
260 _c1974
300 _a98
600 _aवाळिंबे वि. स.
630 _aफसलेला क्षण
700 _aवाळिंबे वि. स.
730 _aफसलेला क्षण
942 _cBOOK
999 _c293376
_d293376